| 000 | 01020nam a2200325 a 4500 | ||
|---|---|---|---|
| 001 | 200454715 | ||
| 999 |
_c200454715 _d72927 |
||
| 003 | TR-AnTOB | ||
| 005 | 20250923170538.0 | ||
| 007 | ta | ||
| 008 | 070521s1996$$$$tu#a###$r01###$$$$#tur u | ||
| 020 | _a9755061592 | ||
| 040 |
_aTR-AnTOB _btur _erda _cTR-AnTOB |
||
| 041 | 0 | _atur | |
| 044 | _ctu | ||
| 050 | 0 | 0 | _aQC16.E5 |
| 090 | 0 | 0 |
_aQC16.E5 _bS3419 1996 TıpFak |
| 100 | 1 |
_aSchwartz, Joseph _eauthor _9143862 |
|
| 245 | 1 |
_aÇizgilerle Einstein : _byeni başlayanlar için / _cJoseph Schwartz ; Michael Mcguinness ; çeviren Mehmet Harmancı. |
|
| 250 | _aİkinci baskı. | ||
| 264 | 1 |
_aİstanbul : _bMilliyet Yayınları, _c1996. |
|
| 300 |
_a169 pages : _billustrations ; _c20 cm. |
||
| 336 |
_ametin _btext _2rdacontent |
||
| 337 |
_aunmediated _bn _2rdamedia |
||
| 338 |
_avolume _bnc _2rdacarrier |
||
| 650 | 0 |
_aRelativity (Physics) _932046 |
|
| 700 | 1 |
_aMcGuinness, Michael _eauthor _9143863 |
|
| 700 | 1 |
_aHarmancı, Mehmet, _d1932- _938629 |
|
| 942 |
_2lcc _cBK |
||